Turbulence (Record no. 5373)

000 -LEADER
fixed length control field 00511nam a2200205 i 4500
001 - CONTROL NUMBER
control field 5373
003 - CONTROL NUMBER IDENTIFIER
control field BD-DhUET
008 - FIXED-LENGTH DATA ELEMENTS--GENERAL INFORMATION
fixed length control field 750220s1975 nyua b 001 0 eng
020 ## - INTERNATIONAL STANDARD BOOK NUMBER
International Standard Book Number 0070290377
040 ## - CATALOGING SOURCE
Original cataloging agency DLC
Transcribing agency DLC
Modifying agency BD-DhUET
082 00 - DEWEY DECIMAL CLASSIFICATION NUMBER
Classification number 532.56
Item number HIN/1975
100 1# - MAIN ENTRY--PERSONAL NAME
Personal name Hinze, J. O.
245 00 - TITLE STATEMENT
Title Turbulence
250 ## - EDITION STATEMENT
Edition statement 2nd ed.
260 ## - PUBLICATION, DISTRIBUTION, ETC. (IMPRINT)
Place of publication, distribution, etc. New York
Name of publisher, distributor, etc. McGraw-Hill
Date of publication, distribution, etc. 1975
300 ## - PHYSICAL DESCRIPTION
Extent x,790p.
Other physical details ill.
Dimensions 24 cm.
490 0# - SERIES STATEMENT
Series statement McGraw-Hill series in mechanical engineering
650 #0 - SUBJECT ADDED ENTRY--TOPICAL TERM
Topical term or geographic name as entry element Turbulence
942 ## - ADDED ENTRY ELEMENTS (KOHA)
Koha item type General Book
Holdings
Price effective from Withdrawn status Damaged status Shelving location Lost status Not for loan Sublocation or collection (holding branch) Koha date last borrowed Copy number Koha full call number Koha date last seen Koha issues (times borrowed) Piece designation (barcode) Koha item type Koha normalized classification for sorting Source of classification or shelving scheme Date acquired Location (home branch)
2014-11-26  Circulation section  Central Library, BUET 1532.56/HIN/19752014-11-26 63813General Book532_560000000000000_HIN_1975 2014-11-26Central Library, BUET
2014-11-26  Circulation section  Central Library, BUET 2532.56/HIN/19752014-11-26 63816General Book532_560000000000000_HIN_1975 2014-11-26Central Library, BUET
2014-12-07  Circulation section  Central Library, BUET 3532.56/HIN/19752014-12-07 44334General Book532_560000000000000_HIN_1975 2014-12-07Central Library, BUET
2014-12-07  Circulation section  Central Library, BUET 4532.56/HIN/19752014-12-07 63807General Book532_560000000000000_HIN_1975 2014-12-07Central Library, BUET
2014-12-07  Circulation section  Central Library, BUET2015-03-255532.56/HIN/19752015-03-29163812General Book532_560000000000000_HIN_1975 2014-12-07Central Library, BUET
2014-12-07  Circulation section  Central Library, BUET 6532.56/HIN/19752014-12-07 63805General Book532_560000000000000_HIN_1975 2014-12-07Central Library, BUET
2014-12-07  Circulation section  Central Library, BUET 7532.56/HIN/19752014-12-07 63810General Book532_560000000000000_HIN_1975 2014-12-07Central Library, BUET
2014-12-07  Circulation section  Central Library, BUET 8532.56/HIN/19752014-12-07 63808General Book532_560000000000000_HIN_1975 2014-12-07Central Library, BUET
2014-12-07  Circulation section  Central Library, BUET 9532.56/HIN/19752014-12-07 63809General Book532_560000000000000_HIN_1975 2014-12-07Central Library, BUET
2014-12-07  Circulation section  Central Library, BUET2022-11-1410532.56/HIN/19752023-02-28163806General Book532_560000000000000_HIN_1975 2014-12-07Central Library, BUET
2014-12-07  Circulation section  Central Library, BUET2015-05-2611532.56/HIN/19752015-09-14163815General Book532_560000000000000_HIN_1975 2014-12-07Central Library, BUET
2015-03-09  Circulation section  Central Library, BUET 12532.56/HIN/19752015-03-09 39158General Book532_560000000000000_HIN_1975 2015-03-09Central Library, BUET
2015-06-07  Reading section  Central Library, BUET 13532.56/HIN/19752015-06-07 58968Reading Item532_560000000000000_HIN_1975 2015-06-07Central Library, BUET
2015-06-07  Reading section  Central Library, BUET 14532.56/HIN/19752015-06-07 60653Reading Item532_560000000000000_HIN_1975 2015-06-07Central Library, BUET
2015-06-23  Reading section  Central Library, BUET 15532.56/HIN/19752015-06-23 52729Reading Item532_560000000000000_HIN_1975 2015-06-23Central Library, BUET
2024-11-16  Circulation section  Central Library, BUET2024-11-2716532.56 HIN/19752024-11-27163811General Book532_560000000000000_HIN_1975 1985-06-29Central Library, BUET
2024-11-16     Central Library, BUET  532.56 HIN/19752024-11-16  General Book532_560000000000000_HIN_1975 2024-11-16Central Library, BUET
2024-11-16  Circulation section  Central Library, BUET 18532.56 HIN/19752024-11-16 39159General Book532_560000000000000_HIN_1975 2025-09-03Central Library, BUET